Disha's target UP-MBA : (Record no. 9282)

MARC details
000 -LEADER
fixed length control field 00715 a2200181 4500
010 ## - LIBRARY OF CONGRESS CONTROL NUMBER
LC control number ENG-88827
020 ## - INTERNATIONAL STANDARD BOOK NUMBER
Terms of availability 125.00
035 ## - SYSTEM CONTROL NUMBER
System control number EN-72360
037 ## - SOURCE OF ACQUISITION
Source of stock number/acquisition DBAD / PUB
082 14 - DEWEY DECIMAL CLASSIFICATION NUMBER
Classification number 000
090 ## - LOCALLY ASSIGNED LC-TYPE CALL NUMBER (OCLC); LOCAL CALL NUMBER (OCLC)
-- 9455
-- 9455
245 1# - TITLE STATEMENT
Title Disha's target UP-MBA :
Remainder of title 10 fully solved mock aptitude tests an ultimate tool to test & revise your preparation/
260 ## - PUBLICATION, DISTRIBUTION, ETC. (IMPRINT)
Place of publication, distribution, etc New Delhi
Name of publisher, distributor, etc Disha Publications
Date of publication, distribution, etc n.d.
270 ## - ADDRESS
Address B-32, Basemant, Shivalik Main Road, Malviya Nagar,
City New Delhi
Postal code 110 017
Electronic mail address aiets@rediffmail.com
Telephone number 011-26691021, 011-26691713
300 ## - PHYSICAL DESCRIPTION
Extent various pagings
Dimensions 24 cm. (Pbk).
942 ## - ADDED ENTRY ELEMENTS (KOHA)
Institution code [OBSOLETE] dpl
Koha item type English Books
Call number prefix 000 / DIS
Holdings
Withdrawn status Lost status Source of classification or shelving scheme Damaged status Not for loan Collection code Home library Current library Source of acquisition Cost, normal purchase price Total Checkouts Full call number Barcode Date last seen Copy number Uniform Resource Identifier Cost, replacement price Price effective from Koha item type
    Dewey Decimal Classification   Not For Loan Non-fiction D.B.Act.Division D.B.Act.Division DBAD/PUB 125.00   000 DIS EN-72360 15/09/2008 1 10256 125.00 15/09/2008 English Books

© Delhi Public Library
Hit Counter
free hit counter